000
00256nam a2200097Ia 4500
008
220204s9999 xx 000 0 und d
100
_a
Vogel, A I
245
0
_a
Textbook of quantitative inorganic analysis: Theory and practice
250
_a
Ed.2
942
_c
BK
999
_c
19436
_d
19436